| 000 | 00627nam a2200205Ia 4500 | ||
|---|---|---|---|
| 003 | OSt | ||
| 005 | 20230511102719.0 | ||
| 008 | 210423s2010 xx 000 0 und d | ||
| 020 | _a978642101021 | ||
| 040 | _cAL | ||
| 041 | _aeng | ||
| 082 |
_a581.0724 NEUK _223 |
||
| 100 |
_aNEUMANN (Karl-Hermann);others _9102323 |
||
| 245 | _aPlant cell and tissue culture a tool in biotechnology: basics and application. | ||
| 260 |
_aGermany _bSpringer Verlag _c2010 |
||
| 300 |
_aix,333 _bPB |
||
| 365 |
_b10976 _cINR |
||
| 906 | _aapplication. ; basics ; biotechnology: ; cell ; culture ; Plant ; tissue ; tool | ||
| 942 |
_2ddc _cBK |
||
| 999 |
_c164596 _d164596 |
||